Estadísticas para Los fichajes más caros del fútbol - Temporada 2019-2020

Haz click aquí para intentar la prueba.

Estadísticas generales

  • Esta prueba ha sido intentada 46 veces
  • La puntuación promedio es 9 de 10

Estadísticas de respuestas

Coste (M €)NacionalidadÚltimo clubNuevo clubJugador% Correcto
115,00BélgicaChelseaReal MadridEden Hazard
100%
86,00Países BajosAjaxBarcelonaFrenkie de Jong
100%
127,20PortugalBenficaAtlético MadridJoão Félix
100%
85,50Países BajosAjaxJuventusMatthijs de Ligt
100%
120,00FranciaAtlético MadridBarcelonaAntoine Griezmann
98%
87,00InglaterraLeicester CityManchester UnitedHarry Maguire
98%
74,00BélgicaManchester UnitedInterRomelu Lukaku
98%
70,00EspañaAtlético MadridManchester CityRodri
95%
80,00Costa de MarfilLOSC LilleArsenalNicolas Pépé
83%
80,00FranciaAtlético MadridBayern MunichLucas Hernández
73%

Distribución de puntuación

Porcentaje por número respondido

Porcentaje de gente con cada puntuación

Historial de tus puntuaciones

No has intentado esta prueba.